000 00925nam0a22002651 4500
001 rc\639435
005 20031121164655.1
035 _a(NLR Aleph) 005880907
090 _a6076951
_c6076951
100 _a20031121d1986 u |0rusy50 ca
101 0 _arus
102 _aRU
105 _aa |||||||||
200 1 _aЛимфостимуляция
_fР.Т. Панченков, И.В. Ярема, Н.Н. Сильманович
210 _aМ.
_cМедицина
_d1986
215 _a236, [4] с.
_cил.
_d22
320 _aБиблиогр.: с. 227-237
700 1 _aПанченков
_bР. Т.
_gРоман Тихонович
701 1 _aЯрема
_bИ. В.
_f1938-
_gИван Васильевич
_3RU\NLR\AUTH\770199961
_4570
701 1 _aСильманович
_bН. Н.
_gНиколай Николаевич
801 0 _aRU
_bNLR
_gpsbo
801 1 _aRU
_bELAR
_2rusmarc
852 _aNLR
_j86-5/3271
942 _cBOOK
980 _aNB